Central Library OPAC University of Rajshahi

Vogel's textbook of quantitative chemical analysis / (Record no. 53372)

MARC details
000 -LEADER
fixed length control field 00996nam a2200289 a 4500
001 - CONTROL NUMBER
control field 53372
003 - CONTROL NUMBER IDENTIFIER
rucl marc code BD-RjUL
005 - DATE AND TIME OF LATEST TRANSACTION
control field 20211209075942.0
008 - FIXED-LENGTH DATA ELEMENTS--GENERAL INFORMATION
fixed length control field 170504s1989 enka b 001 0 eng d
020 ## - INTERNATIONAL STANDARD BOOK NUMBER
International Standard Book Number 0470215178
035 ## - SYSTEM CONTROL NUMBER
System control number (BD-RjUL)53492
040 ## - CATALOGING SOURCE
Original cataloging agency DLC
Transcribing agency DLC
Modifying agency DLC
-- BD-RjUL
Language of cataloging eng
041 ## - LANGUAGE CODE
Language code of text/sound track or separate title eng
082 00 - DEWEY DECIMAL CLASSIFICATION NUMBER
Classification number 543.1
Edition number 23
Author mark and year VOV 1989
100 1# - MAIN ENTRY--PERSONAL NAME
Personal name Vogel, Arthur I.
9 (RLIN) 159506
245 10 - TITLE STATEMENT
Title Vogel's textbook of quantitative chemical analysis /
Statement of responsibility, etc. Arthur I. Vogel ; Revised by G. H. Jeffery...[et al.]
250 ## - EDITION STATEMENT
Edition statement 5th ed. , ELBS ed. , Low Priced ed.
260 ## - PUBLICATION, DISTRIBUTION, ETC. (IMPRINT)
Place of publication, distribution, etc. Longman :
Name of publisher, distributor, etc. English language book society,
Date of publication, distribution, etc. 1989.
300 ## - PHYSICAL DESCRIPTION
Pagination xxix, 877 p. :
Illustrations ill. ;
Size 24 cm.
504 ## - BIBLIOGRAPHY, ETC. NOTE
Bibliography, etc Includes index.
600 ## - SUBJECT ADDED ENTRY--PERSONAL NAME
Titles and other words associated with a name
Fuller form of name
650 #0 - SUBJECT ADDED ENTRY--TOPICAL TERM
Topical term or geographic name as entry element Chemistry, Inorganic.
9 (RLIN) 117207
Topical term or geographic name as entry element Analytical chemistry
General subdivision Quantitative.
9 (RLIN) 248934
Topical term or geographic name as entry element Chemistry, Inorganic
General subdivision Laboratory manuals.
9 (RLIN) 248935
700 1# - ADDED ENTRY--PERSONAL NAME
Personal name Jeffery, G. H. ...[et al.], Reviser
942 ## - ADDED ENTRY ELEMENTS (KOHA)
Source of classification or shelving scheme Dewey Decimal Classification
Koha item type Books
Holdings
Lost status Source of classification or shelving scheme Damaged status Not for loan Collection code Permanent Location Current Location Shelving location Date acquired Source of acquisition Cost, normal purchase price Total Checkouts Full call number Date last seen Copy number Koha item type
  Dewey Decimal Classification     Non-fiction Central Library, University of Rajshahi Central Library, University of Rajshahi   22/05/1990 Karim International 6.95   543.1 VOV 1989 05/10/2016 C-2 Books
  Dewey Decimal Classification   Not For Loan Non-fiction Central Library, University of Rajshahi Central Library, University of Rajshahi Reading Room 22/05/1990 Karim Int. 6.95   543.1 VOV 1989 15/04/2017 C-1 Books
  Dewey Decimal Classification     Non-fiction Central Library, University of Rajshahi Central Library, University of Rajshahi   22/05/1990 Karim International 6.95   543.1 VOV 1989 07/10/2021 C-3 Books